000 00821nam a2200253Ia 4500
003 OSt
005 20221005111208.0
006 a|||||r|||| 00| 0
007 ta
008 221004b |||||||| |||| 00| 0 hin d
020 _a8170555272 (hbk)
_c200
024 _a104227
037 _b372, 17/02/2011, Vani Prakashan
_cTextual
040 _aCRL
_cCRL
_bhin
041 _2hin
_ahin
082 _aNR44wN26, 152P2
100 _aसी. वसन्ता
245 0 _aगीतकार नीरज
246 _aGītakār nīraja
260 _aनई दिल्ली
_bवाणी प्रकाशन भारत
_c2002
300 _a191पृ0
_ccm.
942 _hNR44wN26, 152P2
_cTEXL
_2cc
999 _c1021116
_d1021116